| 000 | 00000nam##2200000za#4500 |
| 001 | 9.625878 |
| 003 | CaOODSP |
| 005 | 20210615104231 |
| 007 | ta |
| 008 | 150406|2001||||xxc||||| f|0| 0 fre|d |
| 040 | |aCaOODSP|bfre |
| 043 | |an-cn--- |
| 086 | 1 |aFs97-6/2375F |
| 110 | 1 |aCanada. |bMinistère des pêches et des océans. |
| 245 | 10|aVariations spatiales et temporelles des concentrations d'acide domoïque dans les mollusques et des abondances de Pseudo-nitzschia spp. dans le Saint-Laurent de 1998 à 2000 / |cpar J. Y. Couture et al. |
| 260 | |aOttawa - Ontario : |bPêches et Océans Canada |c2001. |
| 300 | |avii, 25p. : |bgraphiques, références, tableaux ; |c28 cm. |
| 490 | 1 |aRapport technique canadien des sciences halieutiques et aquatiques|v2375 |
| 500 | |aPréparé par la Direction régionale des sciences, Ministères des Pêches et des Océans, Institut Maurice-Lamontagne, C.P. 1000, 850, route de la Mer, Mont-Joli (Québec) G5H 3Z4. |
| 546 | |aAbstracts in English |
| 590 | |a02-02|b2002-01-11 |
| 691 | 07|aÉcosystème aquatique|2gcpds |
| 691 | 07|aFruits de mer|2gcpds |
| 691 | 07|aRessources halieutiques|2gcpds |
| 720 | 1 |aCouture, J. Y. |
| 776 | 0#|tVariations spatiales et temporelles des concentrations d'acide domoïque dans les mollusques et des abondances de Pseudo-nitzschia spp. dans le Saint-Laurent de 1998 à 2000 / |w(CaOODSP)9.604040 |
| 830 | #0|aRapport technique canadien des sciences halieutiques et aquatiques ;|v2375|w(CaOODSP)9.513051 |